| 000 | 00785nam a22001937a 4500 | ||
|---|---|---|---|
| 003 | BD-DhUL | ||
| 005 | 20160904200215.0 | ||
| 008 | 160904s2008 ii ||||| |||| 00| 0 eng d | ||
| 040 |
_cBD-DhUL _dBD-DhUL |
||
| 082 |
_a954 _bBIR |
||
| 100 | _aবিদ্যালঙ্কার, মৃত্যঞ্জয় | ||
| 245 | 1 | 0 |
_aরাজাবলি / _cমৃত্যঞ্জয় বিদ্যালঙ্কার ও নিমাইচন্দ্র পাল, |
| 260 |
_aকলকাতা : _bসারস্বতকুঞ্জ, _c২০০৮. |
||
| 300 |
_aবিবিধ পৃ. ; _c২২ সেমি |
||
| 651 | _aভারত - ইতিহাস | ||
| 651 | _aIndia - History | ||
| 700 | _aপাল, নিমাইচন্দ্র | ||
| 942 |
_2ddc _cBK |
||
| 999 |
_c104089 _d104089 |
||